[Event "TCh-CHN 2019"]
[Site "China CHN"]
[Date "2019.08.20"]
[Round "12.1"]
[Board "5"]
[White "Lei, Tingjie"]
[Black "Stefanova, Antoaneta"]
[Result "1/2-1/2"]
[WhiteTitle "GM"]
[BlackTitle "GM"]
[WhiteElo "2483"]
[BlackElo "2476"]
[WhiteTeam "Chongqing Sports lottery chess team"]
[BlackTeam "Shandong Jingzhi team"]
[WhiteFideId "8605114"]
[BlackFideId "2902257"]
[EventDate "2019.04.09"]

1. e4 e5 2. Nf3 Nc6 3. Bb5 a6 4. Ba4 Nf6 5. O-O Bc5 6. c3 O-O 7. d4 Ba7 8. Re1
d6 9. h3 b5 10. Bc2 Bb7 11. d5 Ne7 12. Bg5 Nd7 13. a4 h6 14. Bxe7 Qxe7 15. axb5
axb5 16. Na3 c6 17. dxc6 Bxc6 18. Bd3 Rfb8 19. Nc2 Nf6 20. Nb4 Be8 21. Qe2 Qb7
22. Rad1 Bc5 23. Bc2 Bxb4 24. cxb4 Qe7 25. Qd2 Rd8 26. Nh4 d5 27. Nf5 Qe6 28.
exd5 Rxd5 29. Qe3 Rxd1 30. Rxd1 e4 31. Qf4 Qc4 32. Bb1 Qe2 33. Rf1 Qxb2 34. Bxe4
Ra4 35. Bd3 Rxb4 36. Qg3 g6 37. Nxh6+ Kh7 38. Ng4 Nxg4 39. hxg4 Qd4 40. Re1 Bd7
41. Qh4+ Kg7 42. Bxg6 Kxg6 43. Qh5+ Kg7 44. Qg5+ Kh7 45. Qh5+ Kg7 46. Qg5+ Kh7
47. Qh5+ 1/2-1/2

[Event "TCh-CHN 2019"]
[Site "China CHN"]
[Date "2019.08.20"]
[Round "12.2"]
[Board "1"]
[White "Ma, Qun"]
[Black "Nie, Xinyang"]
[Result "1-0"]
[WhiteTitle "GM"]
[WhiteElo "2627"]
[BlackElo "2348"]
[WhiteTeam "Hangzhou Bank Team"]
[BlackTeam "Chongqing Jiulongpo Yucai Chess team"]
[WhiteFideId "8603154"]
[BlackFideId "8607222"]
[EventDate "2019.04.09"]

1. e4 e5 2. Nf3 Nf6 3. Nc3 Nc6 4. Bb5 Nd4 5. Bc4 d6 6. d3 Bg4 7. Be3 c6 8. h3
Bxf3 9. gxf3 b5 10. Bb3 a5 11. a3 d5 12. Bxd4 exd4 13. Ne2 Bc5 14. a4 O-O 15.
Kf1 dxe4 16. fxe4 Nh5 17. Ng3 Nxg3+ 18. fxg3 bxa4 19. Rxa4 Kh8 20. Qf3 f5 21. e5
Qg5 22. e6 Bd6 23. Kg2 c5 24. h4 Qe7 25. Bd5 Ra6 26. b3 Bc7 27. Raa1 Rf6 28. Bc4
Rd6 29. Raf1 Rd8 30. h5 Rdf8 31. Rh3 Qd6 32. Qd5 Qxd5+ 33. Bxd5 Re8 34. Rh4 Re7
35. g4 f4 36. Rhh1 Kg8 37. Kf3 Kf8 38. Re1 Re8 39. g5 Rf5 40. Bc6 Rxg5 41. Bxe8
Rg3+ 42. Ke4 Kxe8 43. Kd5 Re3 44. Kxc5 Be5 45. Kd5 Bf6 46. Ref1 Be5 47. Ra1 Bf6
48. b4 axb4 49. Ra8+ Bd8 50. Kd6 f3 51. Rha1 1-0

[Event "TCh-CHN 2019"]
[Site "China CHN"]
[Date "2019.08.20"]
[Round "12.2"]
[Board "2"]
[White "Vallejo Pons, Francisco"]
[Black "Peng, Xiongjian"]
[Result "1/2-1/2"]
[WhiteTitle "GM"]
[WhiteElo "2704"]
[BlackElo "2489"]
[WhiteTeam "Hangzhou Bank Team"]
[BlackTeam "Chongqing Jiulongpo Yucai Chess team"]
[WhiteFideId "2205530"]
[BlackFideId "8610550"]
[EventDate "2019.04.09"]

1. d4 d5 2. c4 c6 3. Nf3 Nf6 4. Nbd2 Bf5 5. Nh4 Be4 6. e3 Nbd7 7. Be2 e6 8. O-O
Bd6 9. g3 Qc7 10. Nxe4 dxe4 11. f3 g5 12. Ng2 exf3 13. Bxf3 h5 14. e4 g4 15. e5
Nxe5 16. dxe5 Bc5+ 17. Kh1 gxf3 18. Qxf3 Ng4 19. Bf4 O-O-O 20. Rae1 Qb6 21. Re2
Nf2+ 22. Rexf2 Bxf2 23. Rxf2 Rd1+ 24. Qxd1 Qxf2 25. Bg5 Qxb2 26. Bf6 Rg8 27. h4
Qc3 28. Qxh5 Qxg3 29. Bg5 Qh3+ 30. Kg1 Qf5 31. Qe2 b6 32. Qf2 Qb1+ 33. Qf1 Qh7
34. Qf6 Kb7 35. Qe7+ Ka6 36. Qa3+ Kb7 37. Qe7+ Ka6 38. Qd7 Qb1+ 39. Kh2 Qf5 40.
Qd4 Qc2 41. Qf4 Rg7 42. h5 Qe2 43. h6 Qh5+ 44. Bh4 Rg6 45. Qe3 c5 46. h7 Qxh7
47. Qa3+ Kb7 48. Qf3+ Ka6 49. Qa3+ Kb7 50. Qf3+ Ka6 1/2-1/2

[Event "TCh-CHN 2019"]
[Site "China CHN"]
[Date "2019.08.20"]
[Round "12.2"]
[Board "3"]
[White "Bai, Jinshi"]
[Black "Naiditsch, Arkadij"]
[Result "1/2-1/2"]
[WhiteTitle "GM"]
[BlackTitle "GM"]
[WhiteElo "2600"]
[BlackElo "2617"]
[WhiteTeam "Hangzhou Bank Team"]
[BlackTeam "Chongqing Jiulongpo Yucai Chess team"]
[WhiteFideId "8602280"]
[BlackFideId "4650891"]
[EventDate "2019.04.09"]

1. Nf3 d5 2. g3 Nf6 3. Bg2 Bf5 4. O-O e6 5. d3 Be7 6. c4 c6 7. Qb3 Qb6 8. Nc3
Qxb3 9. axb3 Nbd7 10. cxd5 exd5 11. e4 dxe4 12. dxe4 Bg6 13. Nd4 O-O 14. f3 Rfd8
15. Be3 Ne8 16. Rfd1 a6 17. Rd2 Nf8 18. Rad1 Nc7 19. Na4 Nb5 20. Nb6 Rab8 21.
Nxb5 Rxd2 22. Rxd2 axb5 23. Bh3 Ne6 24. Rd7 Bf6 25. Rd2 Rd8 26. Nd7 Be7 27. Bb6
Ra8 28. Bxe6 fxe6 29. Bc5 Bg5 30. f4 Bd8 31. Nb6 Bxb6 32. Bxb6 Bxe4 33. Rd8+
Rxd8 34. Bxd8 e5 35. fxe5 Kf7 36. Kf2 Ke6 37. Bc7 Kd5 38. Ke3 Bf5 39. Bd6 c5 40.
b4 b6 41. h4 g6 42. Bf8 h5 43. e6 Bxe6 44. Kd3 1/2-1/2

[Event "TCh-CHN 2019"]
[Site "China CHN"]
[Date "2019.08.20"]
[Round "12.2"]
[Board "4"]
[White "Huang, Qian"]
[Black "Gu, Tianlu"]
[Result "1/2-1/2"]
[WhiteTitle "WGM"]
[BlackTitle "WIM"]
[WhiteElo "2429"]
[BlackElo "2261"]
[WhiteTeam "Chongqing Jiulongpo Yucai Chess team"]
[BlackTeam "Hangzhou Bank Team"]
[WhiteFideId "8602689"]
[BlackFideId "8603995"]
[EventDate "2019.04.09"]

1. d4 Nf6 2. c4 e6 3. Nc3 d5 4. Bg5 Be7 5. e3 Nbd7 6. Rc1 h6 7. Bh4 c6 8. Nf3
O-O 9. Bd3 b6 10. O-O Bb7 11. cxd5 Nxd5 12. Bxe7 Qxe7 13. Nxd5 exd5 14. Bf5 Rfd8
15. Qa4 Qd6 16. Rc3 Nf6 17. Qc2 Qe7 18. Rc1 Ne4 19. Bxe4 dxe4 20. Nd2 f5 21. a3
Rd5 22. b4 Rad8 23. h3 Qg5 24. f3 exf3 25. Nxf3 Qf6 26. Rf1 Qe6 27. Ne5 Rf8 28.
Qc1 Rd6 29. Rf2 Qd5 30. Qc2 Rdf6 31. Qb3 Qxb3 32. Rxb3 Rd8 33. Nf3 Re8 34. Nd2
Ba6 35. a4 Rfe6 36. b5 Bb7 37. Nf1 g6 38. Rc3 cxb5 39. axb5 a6 40. bxa6 Bxa6 41.
d5 Rd6 42. Rd2 Red8 43. Ng3 Rxd5 44. Rxd5 Rxd5 45. Rc6 Kf7 46. Rxb6 Bc8 47. h4
Re5 48. Kf2 Re6 49. Rb8 Ba6 50. h5 Bd3 51. Rb7+ Kf6 52. hxg6 Kxg6 53. Rb8 Be4
54. Ne2 Ra6 55. Rb2 Ra3 56. Rd2 Ra6 57. Nf4+ Kf6 58. Kg3 Ra3 59. Kf2 Ra6 60. Ne2
Rb6 61. Kg3 Ke5 62. Kf2 Rc6 63. Nd4 Ra6 64. Rb2 f4 65. Rb5+ Kf6 66. exf4 Ra2+
67. Ke3 Bxg2 68. Rb6+ Kf7 69. Rxh6 Ra3+ 70. Kf2 Be4 71. Ke2 Bd3+ 72. Kf2 Be4 73.
Ne6 Bd5 74. Ng5+ Kg7 75. Rd6 Bc4 76. Nf3 Bd3 77. Nd4 Kf7 78. Kg3 Ra1 79. Nf3 Bf5
80. Ne5+ Ke7 81. Rb6 Rg1+ 82. Kf2 Rb1 83. Ra6 Rb3 84. Nc6+ Kf7 85. Nd4 Rb2+ 86.
Ke3 Bb1 87. Nc6 Bf5 88. Nd4 Bb1 89. Kf3 Rb4 90. Rd6 Rb2 91. Ke3 Rb7 92. Ra6 Rb2
93. Ra5 Kf6 94. Ra3 Kf7 95. Nf3 Rb6 96. Rc3 Kf6 97. Nd4 Bf5 98. Rc5 Bb1 99. Ra5
Bg6 100. Kf3 Rd6 101. Ne2 Bf5 102. Ng3 Rd3+ 103. Kf2 Bg4 104. Ne4+ Kf7 105. Ng5+
Kf6 106. Ne4+ Kf7 107. Kg1 Rd4 108. Re5 Kg6 109. Rg5+ Kf7 110. Re5 Kg6 111. Kf2 1/2-1/2

[Event "TCh-CHN 2019"]
[Site "China CHN"]
[Date "2019.08.20"]
[Round "12.2"]
[Board "5"]
[White "Javakhishvili, Lela"]
[Black "Li, Ruofan"]
[Result "1-0"]
[WhiteTitle "IM"]
[BlackTitle "IM"]
[WhiteElo "2463"]
[BlackElo "2335"]
[WhiteTeam "Chongqing Jiulongpo Yucai Chess team"]
[BlackTeam "Hangzhou Bank Team"]
[WhiteFideId "13601458"]
[BlackFideId "8600643"]
[EventDate "2019.04.09"]

1. d4 Nf6 2. c4 e6 3. Nf3 d5 4. Nc3 Be7 5. Bf4 O-O 6. e3 Nbd7 7. Qc2 c5 8. Rd1
cxd4 9. Rxd4 Qa5 10. Bg3 e5 11. Rd2 e4 12. Nd4 Bb4 13. Nb3 Qd8 14. cxd5 Nb6 15.
a3 Bxc3 16. bxc3 Bf5 17. c4 Rc8 18. Rd4 Bd7 19. Be2 Nbxd5 20. O-O Ba4 21. Qb2
Bxb3 22. Qxb3 Qb6 23. Qxb6 Nxb6 24. Rb1 h6 25. Bd6 Rfe8 26. h3 g6 27. c5 Nbd7
28. Rxb7 Nxc5 29. Bxc5 Rxc5 30. Bc4 Rf8 31. Rxa7 Ne8 32. a4 Nd6 33. Bb3 Rc6 34.
Bd5 Rc1+ 35. Kh2 Rc2 36. Bb3 Rb2 37. Rxd6 Rxb3 38. Rf6 Rb4 39. h4 Kg7 40. Rd6
Rb2 41. Kg3 h5 42. a5 Ra2 43. a6 Ra5 44. Re7 Ra8 45. Rdd7 R8xa6 46. Rxf7+ Kg8
47. Rfe7 Ra8 48. Rg7+ Kh8 49. Rh7+ Kg8 50. Rdg7+ Kf8 51. Rxg6 Rf5 52. Rg5 1-0

[Event "TCh-CHN 2019"]
[Site "China CHN"]
[Date "2019.08.20"]
[Round "12.3"]
[Board "1"]
[White "Dai, Changren"]
[Black "Xu, Yinglun"]
[Result "1-0"]
[WhiteTitle "IM"]
[BlackTitle "GM"]
[WhiteElo "2511"]
[BlackElo "2555"]
[WhiteTeam "Zhihui Sports chess team of Tianjin"]
[BlackTeam "Guangdong Shenzhen Longgang Chess team"]
[WhiteFideId "8608156"]
[BlackFideId "8604940"]
[EventDate "2019.04.09"]

1. e4 c5 2. Nc3 d6 3. Nf3 Nf6 4. d4 cxd4 5. Nxd4 a6 6. h3 e6 7. g4 d5 8. exd5
Nxd5 9. Bg2 Bb4 10. Ne2 O-O 11. O-O Nxc3 12. Nxc3 Qc7 13. Qf3 Nc6 14. Bf4 Bd6
15. Bxd6 Qxd6 16. Rad1 Qc7 17. Qg3 Qxg3 18. fxg3 Rb8 19. Na4 Nb4 20. c3 Nd5 21.
Bxd5 exd5 22. Nb6 h5 23. Nxc8 Rbxc8 24. gxh5 Rc5 25. g4 Re8 26. Kf2 f6 27. Rfe1
Rxe1 28. Rxe1 Kf7 29. Kf3 a5 30. Rd1 Ke6 31. Kf4 a4 32. a3 Rb5 33. Rd2 1-0

[Event "TCh-CHN 2019"]
[Site "China CHN"]
[Date "2019.08.20"]
[Round "12.3"]
[Board "3"]
[White "Wang, Yue"]
[Black "Cheparinov, Ivan"]
[Result "1/2-1/2"]
[WhiteTitle "GM"]
[BlackTitle "GM"]
[WhiteElo "2674"]
[BlackElo "2687"]
[WhiteTeam "Zhihui Sports chess team of Tianjin"]
[BlackTeam "Guangdong Shenzhen Longgang Chess team"]
[WhiteFideId "8601429"]
[BlackFideId "2905540"]
[EventDate "2019.04.09"]

1. Nf3 c5 2. c4 Nc6 3. Nc3 g6 4. g3 Bg7 5. Bg2 e5 6. O-O Nge7 7. Ne1 d6 8. Nc2
O-O 9. Ne3 Be6 10. Ned5 Qd7 11. d3 Bh3 12. e4 Bxg2 13. Kxg2 f5 14. Bd2 Rf7 15.
Nxe7+ Qxe7 16. Nd5 Qd7 17. exf5 Rxf5 18. Be3 Raf8 19. f3 Ne7 20. Nxe7+ Qxe7 21.
Qe2 d5 22. cxd5 Qd6 23. Qc2 b6 24. Qc4 Rd8 25. a4 Qxd5 26. Qxd5+ Rxd5 27. Ra3
Rd7 28. Rb3 Rf6 29. Kf2 Rfd6 30. Ke2 Kf7 31. Ra1 Ke6 32. a5 Bf6 33. axb6 axb6
34. Ra8 Bd8 35. Rba3 Rd5 36. Rc8 R5d6 37. Rca8 Rd5 38. R8a7 Rxa7 39. Rxa7 Rd7
40. Ra8 Kd5 41. Bd2 Be7 42. Bc3 Bd6 43. Ke3 Bc7 44. Ra7 Re7 45. b3 1/2-1/2

[Event "TCh-CHN 2019"]
[Site "China CHN"]
[Date "2019.08.20"]
[Round "12.3"]
[Board "4"]
[White "Li, Xueyi"]
[Black "Khotenashvili, Bela"]
[Result "0-1"]
[WhiteTitle "WGM"]
[BlackTitle "GM"]
[WhiteElo "2296"]
[BlackElo "2446"]
[WhiteTeam "Guangdong Shenzhen Longgang Chess team"]
[BlackTeam "Zhihui Sports chess team of Tianjin"]
[WhiteFideId "8605912"]
[BlackFideId "13602640"]
[EventDate "2019.04.09"]

1. d4 Nf6 2. c4 g6 3. Nc3 c5 4. d5 Bg7 5. e4 O-O 6. Bd3 e6 7. e5 Ne8 8. Nf3 d6
9. exd6 Nxd6 10. O-O e5 11. Ne4 Nxe4 12. Bxe4 Qd6 13. Bc2 f5 14. Ne1 Nd7 15. Ba4
a6 16. Nc2 e4 17. f4 b5 18. Bb3 Nb6 19. Na3 bxc4 20. Nxc4 Nxc4 21. Bxc4 Bd4+ 22.
Kh1 Bb7 23. Qb3 Rab8 24. Be3 Rfd8 25. Rad1 Bxd5 26. Bxd4 Rxb3 27. Be5 Bxc4 28.
Rxd6 Rd3 29. Rxd8+ Rxd8 30. Ra1 Bxa2 31. h3 Bc4 32. Rc1 e3 33. Re1 e2 34. Kg1
Rd1 35. Kf2 Kf7 36. Bc7 Ke6 37. g4 Kd5 38. Ba5 Bb5 39. Bc3 Ke4 40. gxf5 gxf5 41.
Be5 a5 42. b3 Rxe1 43. Kxe1 c4 44. bxc4 Bxc4 45. Kd2 a4 46. h4 h5 47. Ke1 a3 48.
Kd2 a2 49. Ke1 Kd3 0-1

[Event "TCh-CHN 2019"]
[Site "China CHN"]
[Date "2019.08.20"]
[Round "12.3"]
[Board "5"]
[White "Ushenina, Anna"]
[Black "Xiao, Yiyi"]
[Result "1-0"]
[WhiteTitle "GM"]
[BlackTitle "WFM"]
[WhiteElo "2416"]
[BlackElo "2306"]
[WhiteTeam "Guangdong Shenzhen Longgang Chess team"]
[BlackTeam "Zhihui Sports chess team of Tianjin"]
[WhiteFideId "14110911"]
[BlackFideId "8606161"]
[EventDate "2019.04.09"]

1. d4 Nf6 2. c4 e6 3. Nc3 Bb4 4. e3 O-O 5. Bd2 b6 6. Nf3 Bb7 7. Rc1 d5 8. cxd5
exd5 9. Bd3 Re8 10. O-O Nbd7 11. Nb5 Bxd2 12. Nxd2 Ba6 13. Qa4 Bxb5 14. Bxb5 c5
15. Nf3 Re6 16. Rfd1 c4 17. b3 a6 18. Bxd7 b5 19. Bxb5 axb5 20. Qb4 Rxa2 21. Ra1
Qa8 22. Rxa2 Qxa2 23. bxc4 bxc4 24. Ne5 Re8 25. f3 Qa7 26. Rb1 Nd7 27. Nc6 Qa2
28. Re1 Nf6 29. Kf1 h6 30. Re2 Qa8 31. Qb5 Re6 32. Ne5 Ra6 33. Rb2 Ra1+ 34. Kf2
Ra2 35. Qb4 Rxb2+ 36. Qxb2 Qc8 37. Ke2 Ne8 38. Qb5 Qe6 39. Qc6 Nd6 40. Nd7 Ne8
41. Qc8 Qe7 42. Nb6 Qe6 43. Nxd5 Qxc8 44. Ne7+ Kf8 45. Nxc8 f6 46. Kd2 Nc7 47.
Nb6 Ke7 48. Nxc4 h5 49. Kd3 Nd5 50. g3 Nb4+ 51. Kd2 g5 52. e4 Nc6 53. Kc3 Nb8
54. Ne3 Nc6 55. Nf5+ Kf7 56. Kc4 Na5+ 57. Kb4 Nc6+ 58. Kb5 1-0

[Event "TCh-CHN 2019"]
[Site "China CHN"]
[Date "2019.08.20"]
[Round "12.4"]
[Board "2"]
[White "Ni, Hua"]
[Black "Yu, Ruiyuan"]
[Result "1/2-1/2"]
[WhiteTitle "GM"]
[BlackTitle "GM"]
[WhiteElo "2669"]
[BlackElo "2497"]
[WhiteTeam "China Mobil Shanghai Chess Club"]
[BlackTeam "Jiangsu team"]
[WhiteFideId "8601160"]
[BlackFideId "8603090"]
[EventDate "2019.04.09"]

1. e4 c6 2. Nf3 d5 3. d3 dxe4 4. dxe4 Qxd1+ 5. Kxd1 Bg4 6. Be2 Nd7 7. Nfd2 Bxe2+
8. Kxe2 e5 9. f3 Ne7 10. a4 O-O-O 11. Nc4 Kc7 12. c3 Ng6 13. g3 Nc5 14. Be3 Nb3
15. Ra2 Bc5 16. Bxc5 Nxc5 17. b4 Ne6 18. Nbd2 h5 19. h4 f6 20. a5 Ne7 21. Nb3
Nc8 22. Nc5 Rhe8 23. Rd1 Rxd1 24. Kxd1 Re7 25. Ke2 Nd6 26. Nxd6 Kxd6 27. Nd3 Nd8
28. Ke3 Kc7 29. f4 Nf7 30. Nc5 exf4+ 31. gxf4 Nd6 32. Kd3 b6 33. axb6+ axb6 34.
Ra7+ Kd8 35. Rxe7 Kxe7 36. Nb3 g5 37. hxg5 fxg5 38. fxg5 Nf7 39. Nd4 Nxg5 40. e5
c5 41. bxc5 bxc5 42. Nf5+ Ke6 1/2-1/2

[Event "TCh-CHN 2019"]
[Site "China CHN"]
[Date "2019.08.20"]
[Round "12.4"]
[Board "3"]
[White "Xu, Yi"]
[Black "Chen, Qi b"]
[Result "1-0"]
[WhiteTitle "GM"]
[BlackTitle "IM"]
[WhiteElo "2542"]
[BlackElo "2445"]
[WhiteTeam "China Mobil Shanghai Chess Club"]
[BlackTeam "Jiangsu team"]
[WhiteFideId "8605564"]
[BlackFideId "8614733"]
[EventDate "2019.04.09"]

1. e4 c5 2. Nc3 d6 3. d4 cxd4 4. Qxd4 Nc6 5. Qd2 g6 6. b3 Bh6 7. f4 f5 8. Bb2
Nf6 9. Bd3 Qa5 10. exf5 Bxf5 11. Nge2 O-O-O 12. O-O-O d5 13. Bxf5+ gxf5 14. Qe3
Kb8 15. Nd4 Ng4 16. Qe6 Bxf4+ 17. Kb1 Be5 18. Ncb5 Nxd4 19. Nxd4 Qb6 20. Rhe1
Bg7 21. Qxf5 Qg6 22. Rxe7 Qxf5 23. Nxf5 Bxb2 24. Kxb2 Rhf8 25. Rd4 Nf6 26. g4
Rde8 27. Rxe8+ Rxe8 28. g5 Re5 29. Rf4 Nh5 30. Rh4 Rxf5 31. Rxh5 h6 32. h4 hxg5
33. Rxg5 Rf4 34. h5 d4 35. h6 Rh4 36. Rg8+ Kc7 37. Rh8 Rh2 38. Kc1 b5 39. h7 Kb7
40. Kd1 a6 41. Ke1 Ka7 42. Kf1 Kb7 43. Kg1 Rh6 44. Kg2 Ka7 45. Kg3 b4 46. Kf4 a5
47. Ke5 Rh4 48. Kf6 Rh1 49. Ke6 Kb7 50. Kd5 Rh4 51. Kc5 Ka7 52. Kb5 Rh5+ 53. Ka4
Kb7 54. Rd8 Rxh7 55. Kxa5 Rc7 56. Rxd4 Rxc2 57. Rxb4+ Kc6 58. Rc4+ Rxc4 59. bxc4
Kc5 60. a4 1-0

[Event "TCh-CHN 2019"]
[Site "China CHN"]
[Date "2019.08.20"]
[Round "12.4"]
[Board "4"]
[White "Guo, Qi"]
[Black "Ju, Wenjun"]
[Result "1/2-1/2"]
[WhiteTitle "IM"]
[BlackTitle "GM"]
[WhiteElo "2406"]
[BlackElo "2580"]
[WhiteTeam "Jiangsu team"]
[BlackTeam "China Mobil Shanghai Chess Club"]
[WhiteFideId "8604002"]
[BlackFideId "8603006"]
[EventDate "2019.04.09"]

1. d4 Nf6 2. c4 e6 3. Nf3 d5 4. Nc3 c6 5. e3 Nbd7 6. Be2 Bd6 7. O-O O-O 8. b3 b6
9. Qc2 Bb7 10. Bb2 Qe7 11. Rfe1 c5 12. cxd5 exd5 13. Rad1 Rac8 14. Qb1 Rfd8 15.
Bf1 a6 16. dxc5 bxc5 17. g3 h6 18. Bg2 Qe6 19. Nd2 Bf8 20. Ne2 Bd6 21. Nc3 Bf8
22. Ne2 Bd6 23. Nc3 1/2-1/2

[Event "TCh-CHN 2019"]
[Site "China CHN"]
[Date "2019.08.20"]
[Round "12.4"]
[Board "5"]
[White "Shen, Yang"]
[Black "Ni, Shiqun"]
[Result "0-1"]
[WhiteTitle "IM"]
[BlackTitle "WGM"]
[WhiteElo "2402"]
[BlackElo "2389"]
[WhiteTeam "Jiangsu team"]
[BlackTeam "China Mobil Shanghai Chess Club"]
[WhiteFideId "8603162"]
[BlackFideId "8608466"]
[EventDate "2019.04.09"]

1. d4 Nf6 2. c4 g6 3. Nc3 d5 4. cxd5 Nxd5 5. Na4 Bg7 6. e4 Nb6 7. Be3 O-O 8. Rc1
Nc6 9. d5 Ne5 10. Be2 c6 11. Nxb6 axb6 12. Qb3 b5 13. a3 Nc4 14. dxc6 Qa5+ 15.
Kf1 bxc6 16. Nf3 Be6 17. h4 Nxb2 18. Qb4 Qxa3 19. Qxa3 Rxa3 20. Bc5 Rc3 21. Rxc3
Bxc3 22. Bxe7 Ra8 23. g3 Ra1+ 24. Kg2 Rxh1 25. Kxh1 b4 26. Bc5 Bc4 27. Bxc4 Nxc4
28. Bd4 Bxd4 29. Nxd4 Nd2 30. Nxc6 b3 31. Ne7+ Kf8 32. Nd5 Nxe4 0-1

[Event "TCh-CHN 2019"]
[Site "China CHN"]
[Date "2019.08.20"]
[Round "12.5"]
[Board "1"]
[White "Lin, Yi"]
[Black "Xu, Xiangyu"]
[Result "1/2-1/2"]
[WhiteTitle "IM"]
[BlackTitle "GM"]
[WhiteElo "2415"]
[BlackElo "2582"]
[WhiteTeam "Hangzhou Hongda team"]
[BlackTeam "Chengdu Beilei Youth Chess Club"]
[WhiteFideId "8609659"]
[BlackFideId "8608288"]
[EventDate "2019.04.09"]

1. d4 e6 2. c4 b6 3. e4 Bb7 4. Bd3 Nc6 5. Nf3 Nb4 6. O-O Ne7 7. Nc3 Nxd3 8. Qxd3
Ng6 9. a3 Be7 10. Be3 O-O 11. d5 f5 12. exf5 Rxf5 13. Nd4 Rf7 14. Rad1 exd5 15.
Nxd5 Bf8 16. Nf3 Rxf3 17. gxf3 Bd6 18. Qe4 Qf8 19. Rfe1 c6 20. Nc3 Re8 21. Qd3
Re6 22. f4 Bxf4 23. Qxd7 Bc8 24. Qd8 Re8 25. Qxe8 Bxh2+ 26. Kxh2 Qxe8 27. Bxb6
Qf7 28. Rd8+ Nf8 29. Ree8 axb6 30. Rxc8 Qxf2+ 31. Kh3 1/2-1/2

[Event "TCh-CHN 2019"]
[Site "China CHN"]
[Date "2019.08.20"]
[Round "12.5"]
[Board "3"]
[White "Xiang, Zeyu"]
[Black "Zhao, Yuanhe"]
[Result "1-0"]
[WhiteTitle "IM"]
[WhiteElo "2446"]
[BlackElo "2470"]
[WhiteTeam "Hangzhou Hongda team"]
[BlackTeam "Chengdu Beilei Youth Chess Club"]
[WhiteFideId "8608547"]
[BlackFideId "8609497"]
[EventDate "2019.04.09"]

1. d4 d5 2. c4 c6 3. Nf3 Nf6 4. Nc3 a6 5. c5 g6 6. g3 Bg7 7. Bg2 O-O 8. O-O Nbd7
9. Qc2 Re8 10. Rd1 Nf8 11. h3 Bf5 12. Qb3 Qc8 13. Na4 Ra7 14. Nb6 Qd8 15. Nh4
Be6 16. Bd2 N8d7 17. Ba5 Qb8 18. Na4 Ne4 19. Qe3 g5 20. Nf3 h6 21. Rac1 Bf5 22.
g4 Bh7 23. Nb6 Nxb6 24. Bxb6 Ra8 25. Ba5 Qc8 26. Ne5 f6 27. Nc4 Ra7 28. Nb6 Qe6
29. f3 Nxc5 30. Rc3 f5 31. dxc5 Qxe3+ 32. Rxe3 f4 33. Rc3 Bxc3 34. Bxc3 a5 35.
a4 Kf7 36. Be5 Ke6 37. Bc7 Kf7 38. Kf2 e5 39. e3 Bc2 40. Rc1 Bd3 41. exf4 exf4
42. Re1 Rxe1 43. Kxe1 Ke6 44. Bf1 Bxf1 45. Kxf1 Ra6 46. Ke2 Kf6 47. Kd3 Ke6 48.
Bd8 Ke5 49. h4 1-0

[Event "TCh-CHN 2019"]
[Site "China CHN"]
[Date "2019.08.20"]
[Round "12.5"]
[Board "4"]
[White "Ren, Xiaoyi"]
[Black "Zhao, Shengxin"]
[Result "1-0"]
[BlackTitle "WFM"]
[WhiteElo "2253"]
[BlackElo "2093"]
[WhiteTeam "Chengdu Beilei Youth Chess Club"]
[BlackTeam "Hangzhou Hongda team"]
[WhiteFideId "8608709"]
[BlackFideId "8608040"]
[EventDate "2019.04.09"]

1. d4 Nf6 2. c4 e6 3. Nf3 d5 4. Bg5 Bb4+ 5. Nc3 h6 6. Bxf6 Qxf6 7. e3 O-O 8. Rc1
dxc4 9. Bxc4 c5 10. a3 Bxc3+ 11. bxc3 cxd4 12. cxd4 b6 13. Bd3 Bb7 14. Rc7 Bc6
15. Qc2 Bxf3 16. gxf3 e5 17. Bh7+ Kh8 18. Be4 Na6 19. Rc6 Qe7 20. Qd3 f5 21.
Bxf5 exd4 22. Be4 Nc5 23. Qxd4 Nxe4 24. fxe4 Qh4 25. Qb2 Qg5 26. f4 Qh4+ 27. Qf2
Qe7 28. e5 Qd7 29. Rd6 Qb5 30. Qe2 Qa5+ 31. Qd2 Qxa3 32. O-O Qa4 33. Qd3 b5 34.
f5 Qg4+ 35. Kh1 Rac8 36. Rg6 Qh3 37. Rg3 Rc3 38. Qxb5 Qh5 39. Qd7 Rf7 40. Qe8+
Kh7 41. f6 Qe2 42. Rfg1 Rcc7 43. e6 Rxf6 44. e7 g5 45. Qf8 Rc2 46. R3g2 Qf3 47.
Qxf6 Qxf6 48. e8=Q 1-0

[Event "TCh-CHN 2019"]
[Site "China CHN"]
[Date "2019.08.20"]
[Round "12.6"]
[Board "1"]
[White "Esipenko, Andrey"]
[Black "Xu, Minghui"]
[Result "1/2-1/2"]
[WhiteTitle "GM"]
[WhiteElo "2642"]
[BlackElo "2406"]
[WhiteTeam "Beijing team"]
[BlackTeam "Zhejiang team"]
[WhiteFideId "24175439"]
[BlackFideId "8606790"]
[EventDate "2019.04.09"]

1. d4 d5 2. c4 e6 3. Nf3 Nf6 4. Nc3 c6 5. e3 Nbd7 6. Be2 Bd6 7. O-O O-O 8. Qc2
dxc4 9. Bxc4 a6 10. Ng5 b5 11. Bd3 h6 12. Nce4 Bxh2+ 13. Kxh2 hxg5 14. Qxc6 Rb8
15. Qd6 Bb7 16. Nxf6+ Nxf6 17. Qxd8 Rfxd8 18. Bd2 e5 19. Ba5 Rd5 20. Rac1 exd4
21. e4 Rd7 22. f3 g4 23. Rc5 Re8 24. Rfc1 g6 25. Bd2 gxf3 26. gxf3 Nh5 27. b3
Ng7 28. Kg3 f5 29. exf5 Rf7 30. Kf2 Nxf5 31. Rg1 Nh4 32. f4 Be4 33. Be2 Rf6 34.
a4 bxa4 35. bxa4 Nf5 36. Bc4+ Kg7 37. Rc7+ Kh6 38. Bd3 Bd5 39. Rc5 Ne3 40. f5
Be4 41. Bxe4 Rxe4 42. Rxg6+ Rxg6 43. fxg6 Re6 44. Rd5 Kxg6 45. Rxd4 Nf5 46. Rg4+
Kf7 47. Bc3 1/2-1/2

[Event "TCh-CHN 2019"]
[Site "China CHN"]
[Date "2019.08.20"]
[Round "12.6"]
[Board "3"]
[White "Li, Chao b"]
[Black "Anton Guijarro, David"]
[Result "0-1"]
[WhiteTitle "GM"]
[BlackTitle "GM"]
[WhiteElo "2690"]
[BlackElo "2685"]
[WhiteTeam "Beijing team"]
[BlackTeam "Zhejiang team"]
[WhiteFideId "8604436"]
[BlackFideId "2285525"]
[EventDate "2019.04.09"]

1. d4 Nf6 2. c4 e6 3. Nc3 d5 4. cxd5 exd5 5. Bg5 Be7 6. e3 c6 7. Qc2 Nbd7 8. Bd3
Nh5 9. h4 Ndf6 10. O-O-O h6 11. Bxf6 Nxf6 12. f3 Nd7 13. h5 O-O 14. g4 Re8 15.
Kb1 Bb4 16. Re1 c5 17. Nh3 c4 18. Bf5 Nb6 19. Nf4 Bxc3 20. bxc3 Qd6 21. Rhg1 a5
22. Re2 Kf8 23. Ka1 a4 24. Rb1 Kg8 25. Qb2 Ra6 26. Qb5 Qd8 27. Bxc8 Qxc8 28.
Nxd5 Nxd5 29. Qxd5 a3 30. Rxb7 Rf6 31. Rb4 Qc7 32. Qb5 Rfe6 33. f4 Rxe3 34.
Qxe8+ Rxe8 35. Rxe8+ Kh7 36. Rbb8 g5 37. fxg5 hxg5 38. Rh8+ Kg7 39. h6+ Kg6 40.
Rhg8+ Kxh6 41. Rgc8 Qf4 42. Rb1 Qxg4 43. Rxc4 Qf3 44. d5 Qxd5 45. Ra4 Qd6 46.
Rab4 Qc5 47. R1b3 Qe3 48. Rc4 g4 49. Rbb4 f5 0-1